[Event "Newcastle under Lyme"]
[Site "Newcastle under Lyme"]
[Date "2023.08.12"]
[Round "7"]
[White "Boswell, Jacob Connor"]
[Black "Morris, Charles F"]
[Result "0-1"]
[WhiteElo "2226"]
[BlackElo "2060"]
[PlyCount "92"]
[EventDate "2023.08.09"]
[EventType "tourn"]
[EventRounds "9"]
[EventCountry "ENG"]
[SourceTitle "CBM 215 Extra"]
[Source "ChessBase"]
[SourceDate "2023.09.30"]
[SourceVersion "1"]
[SourceVersionDate "2023.09.30"]
[SourceQuality "1"]

1. Nf3 e6 2. d4 c5 3. c4 cxd4 4. Nxd4 Nf6 5. Nc3 a6 6. g3 Qc7 7. Bg2 Qxc4 8. Be3 d5 9. Rc1 Qb4 10. a3 Qa5 11. Nb3 Qd8 12. Na4 Nbd7 13. 0-0 Be7 14. f4 0-0 15. Bd4 b5 16. Nac5 Nb6 17. Na5 Nfd7 18. Nc6 Qe8 19. Nxe7+ Qxe7 20. e4 Nc4 21. Nxd7 Qxd7 22. Qg4 f5 23. exf5 Rxf5 24. b3 Nd2 25. Be5 Rxe5 26. fxe5 Nxf1 27. Bxf1 Ra7 28. Bd3 Rc7 29. Rf1 Qe8 30. Qh4 h6 31. Qg4 Bb7 32. Bg6 Qc6 33. Qh4 Qc5+ 34. Kg2 Qe7 35. Qf4 d4+ 36. Kh3 Rd7 37. Qg4 Bd5 38. Rf7 Qd8 39. Rf2 Qg5 40. Qxg5 hxg5 41. b4 Bc4 42. Kg4 d3 43. Rd2 Rd5 44. Rd1 d2 45. Kf3 Bb3 46. Ke2 Rxe5+ 0-1

[Event "Newcastle under Lyme"]
[Site "Newcastle under Lyme"]
[Date "2023.08.11"]
[Round "5"]
[White "Kett, Timothy"]
[Black "Morris, Charles F"]
[Result "1-0"]
[WhiteElo "2072"]
[BlackElo "2060"]
[PlyCount "71"]
[EventDate "2023.08.09"]
[EventType "tourn"]
[EventRounds "9"]
[EventCountry "ENG"]
[SourceTitle "CBM 215 Extra"]
[Source "ChessBase"]
[SourceDate "2023.09.30"]
[SourceVersion "1"]
[SourceVersionDate "2023.09.30"]
[SourceQuality "1"]

1. e4 e6 2. d4 d5 3. Nc3 Nf6 4. Bg5 Bb4 5. e5 h6 6. Bd2 Bxc3 7. bxc3 Ne4 8. Qg4 Kf8 9. Nf3 c5 10. Bd3 Nxd2 11. Kxd2 c4 12. Be2 Bd7 13. h4 Bc6 14. h5 Nd7 15. Qf4 Nb6 16. g4 Qe7 17. Nh4 Ke8 18. a3 Kd7 19. Qe3 Kc7 20. f4 Raf8 21. f5 Be8 22. Qf4 Qg5 23. Raf1 Kd8 24. Qe3 Na4 25. Ng2 exf5 26. Qxg5+ hxg5 27. Rxf5 Nb6 28. Rxg5 g6 29. Rf1 Ke7 30. Nf4 Rfg8 31. Bf3 gxh5 32. Rxg8 Rxg8 33. gxh5 Bc6 34. h6 Rh8 35. Rh1 Rh7 36. Rh5 1-0

[Event "Newcastle under Lyme"]
[Site "Newcastle under Lyme"]
[Date "2023.08.09"]
[Round "1"]
[White "Morris, Charles F"]
[Black "Brown, Thomas"]
[Result "0-1"]
[WhiteElo "2060"]
[BlackElo "2108"]
[PlyCount "110"]
[EventDate "2023.08.09"]
[EventType "tourn"]
[EventRounds "9"]
[EventCountry "ENG"]
[SourceTitle "CBM 215 Extra"]
[Source "ChessBase"]
[SourceDate "2023.09.30"]
[SourceVersion "1"]
[SourceVersionDate "2023.09.30"]
[SourceQuality "1"]

1. c4 g6 2. g3 Bg7 3. Bg2 c5 4. Nc3 Nc6 5. Nf3 e6 6. d3 Nge7 7. Bg5 h6 8. Bd2 d5 9. Qc1 b6 10. a3 Bb7 11. cxd5 exd5 12. 0-0 Nd4 13. Nxd4 cxd4 14. Na2 Rc8 15. Qd1 Qd7 16. Qb3 0-0 17. Rac1 Rfe8 18. Rxc8 Nxc8 19. Re1 a5 20. Qd1 Nd6 21. Bf4 g5 22. Bxd6 Qxd6 23. b4 Ra8 24. Qb3 a4 25. Qc2 Be5 26. Bh3 h5 27. Qc1 f6 28. Bf5 h4 29. Kg2 Kf7 30. Qd1 Qf8 31. e3 dxe3 32. d4 exf2 33. Qh5+ Ke7 34. Kxf2 hxg3+ 35. hxg3 Qh8 36. Qxh8 Rxh8 37. Nc3 Rh2+ 38. Kg1 Rd2 39. dxe5 d4 40. exf6+ Kxf6 41. Ne4+ Bxe4 42. Bxe4 Ra2 43. Rf1+ Ke5 44. Bh7 Rxa3 45. Rf5+ Ke4 46. Kg2 d3 47. Rxg5+ Kd4 48. Bxd3 Rxd3 49. Rb5 Rd2+ 50. Kf3 a3 51. Rxb6 a2 52. Ra6 Kc4 53. g4 Kxb4 54. g5 Rd3+ 55. Ke4 Ra3 0-1

[Event "WLS-ch 67th"]
[Site "Cardiff"]
[Date "2023.04.09"]
[Round "5"]
[White "Morris, Charles F"]
[Black "Smith, Lynda"]
[Result "1-0"]
[WhiteElo "2081"]
[BlackElo "1786"]
[PlyCount "97"]
[EventDate "2023.04.07"]
[EventType "swiss"]
[EventRounds "7"]
[EventCountry "WLS"]
[SourceTitle "CBM 213 Extra"]
[Source "ChessBase"]
[SourceDate "2023.05.31"]
[SourceVersion "1"]
[SourceVersionDate "2023.05.31"]
[SourceQuality "1"]

1. c4 f5 2. g3 Nf6 3. Bg2 g6 4. Nc3 Bg7 5. d3 Nc6 6. e4 d6 7. Nge2 0-0 8. 0-0 e5 9. Nd5 Ne7 10. Nxf6+ Bxf6 11. Bh6 Bg7 12. Bxg7 Kxg7 13. Qd2 Be6 14. b3 c6 15. f4 Qd7 16. Rad1 Rad8 17. Qc3 Qc7 18. d4 fxe4 19. Bxe4 Bg4 20. Bf3 Bxf3 21. Qxf3 Qb6 22. Kh1 Nf5 23. c5 dxc5 24. dxe5 Nd4 25. Qe4 Nxe2 26. Qxe2 Rd4 27. e6 Qc7 28. e7 Re8 29. Rde1 Qd6 30. Rf2 Qd5+ 31. Kg1 c4 32. bxc4 Rxc4 33. f5 gxf5 34. Rxf5 Qxf5 35. Qxc4 Qd7 36. Qf4 h6 37. Qe5+ Kh7 38. Qf6 Qd5 39. h4 c5 40. Re5 Qd1+ 41. Kh2 Qc2+ 42. Kh3 Qg6 43. Qf3 b6 44. h5 Qg7 45. Qe4+ Kh8 46. Qe3 Kh7 47. g4 Qf7 48. Re6 Qf1+ 49. Kh2 1-0

[Event "WLS-ch Seniors"]
[Site "Cardiff"]
[Date "2022.09.03"]
[Round "2"]
[White "Morris, Charles F"]
[Black "Davis, Lee"]
[Result "1-0"]
[WhiteElo "2085"]
[BlackElo "1922"]
[PlyCount "89"]
[EventDate "2022.09.02"]
[EventType "swiss"]
[EventRounds "5"]
[EventCountry "WLS"]
[SourceTitle "EXT 2024"]
[Source "ChessBase"]
[SourceDate "2023.10.10"]
[SourceVersion "1"]
[SourceVersionDate "2023.10.10"]
[SourceQuality "1"]

1. c4 g6 2. g3 Bg7 3. Bg2 c5 4. Nc3 Nc6 5. Nf3 e6 6. d3 Nge7 7. Bg5 h6 8. Bd2 0-0 9. Qc1 Kh7 10. 0-0 d6 11. Rb1 Rb8 12. a3 b6 13. b4 Bb7 14. e3 Qd7 15. Rd1 e5 16. Qc2 Nd8 17. Ne2 Ne6 18. Bc3 Bxf3 19. Bxf3 Ng5 20. Bg2 Qf5 21. f4 Nh3+ 22. Bxh3 Qxh3 23. fxe5 Bxe5 24. Bxe5 dxe5 25. bxc5 Nf5 26. Qd2 bxc5 27. e4 Nd4 28. Nxd4 exd4 29. Qa5 Qh5 30. Qd2 Qe5 31. Qf4 Qxf4 32. gxf4 a6 33. h4 h5 34. Kf2 Kg7 35. Ke2 Kf6 36. Kd2 Ke6 37. Kc2 Kd7 38. Rg1 Rxb1 39. Rxb1 Kc7 40. Rg1 Rb8 41. Rg5 Kd6 42. Rd5+ Kc6 43. e5 Ra8 44. Rd6+ Kc7 45. Rf6 1-0

[Event "WLS-ch Seniors"]
[Site "Cardiff"]
[Date "2022.09.02"]
[Round "2"]
[White "Williams, Duncan"]
[Black "Morris, Charles F"]
[Result "0-1"]
[WhiteElo "1725"]
[BlackElo "2085"]
[PlyCount "64"]
[EventDate "2022.09.02"]
[EventType "swiss"]
[EventRounds "5"]
[EventCountry "WLS"]
[SourceTitle "EXT 2024"]
[Source "ChessBase"]
[SourceDate "2023.10.10"]
[SourceVersion "1"]
[SourceVersionDate "2023.10.10"]
[SourceQuality "1"]

1. e4 e6 2. d4 d5 3. e5 c5 4. c3 Qb6 5. Nf3 Nc6 6. Bd3 cxd4 7. 0-0 Bd7 8. Re1 Nge7 9. h4 h6 10. h5 Rc8 11. Na3 a6 12. Nc2 dxc3 13. bxc3 Na5 14. Be3 Qc7 15. Rb1 b5 16. Nb4 Qb7 17. Nd4 Nc4 18. f4 Nxe3 19. Rxe3 Rxc3 20. a4 Qa7 21. Nbc2 bxa4 22. Qe1 Rc7 23. Kh1 Nc6 24. Nxc6 Bxc6 25. f5 Bc5 26. Rf3 exf5 27. Qg3 0-0 28. Rxf5 Bb5 29. Rxb5 axb5 30. Rf6 Rfc8 31. Rxh6 Bf2 32. Qg5 Rxc2 0-1

[Event "Wales-chT 1920"]
[Site "Wales"]
[Date "2020.02.23"]
[Round "4.1"]
[White "Pleasants, Allan J"]
[Black "Morris, Charles F"]
[Result "0-1"]
[WhiteElo "2028"]
[BlackElo "2064"]
[PlyCount "52"]
[EventDate "2019.10.20"]
[EventType "team-tourn"]
[EventRounds "7"]
[EventCountry "WLS"]
[SourceTitle "EXT 2022"]
[Source "ChessBase"]
[SourceDate "2021.10.06"]
[SourceVersion "1"]
[SourceVersionDate "2021.10.06"]
[SourceQuality "1"]
[WhiteTeam "White Knights"]
[BlackTeam "Abergavenny"]
[WhiteTeamCountry "WLS"]
[BlackTeamCountry "WLS"]

1. e4 e6 2. d4 d5 3. e5 c5 4. c3 Qb6 5. Nf3 Nc6 6. a3 Nh6 7. b4 cxd4 8. cxd4 Nf5 9. Bb2 Bd7 10. h4 h5 11. g3 Rc8 12. Be2 g6 13. 0-0 Bg7 14. Qd2 f6 15. Kg2 Bh6 16. Qd3 0-0 17. Nbd2 a6 18. Nb3 fxe5 19. dxe5 Nce7 20. Nfd4 Ba4 21. Nc5 Rxc5 22. bxc5 Qxb2 23. Nxf5 Nxf5 24. Rab1 Qxe5 25. Rxb7 Bb5 26. Rxb5 axb5 0-1

[Event "BCF-chT2b 1718 (4NCL)"]
[Site "England"]
[Date "2017.11.11"]
[Round "1.52"]
[White "Morris, Charles F"]
[Black "Wall, Tim"]
[Result "0-1"]
[WhiteElo "2131"]
[BlackElo "2237"]
[PlyCount "54"]
[EventDate "2017.11.11"]
[EventType "team-tourn"]
[EventRounds "7"]
[EventCountry "ENG"]
[SourceTitle "EXT 2020"]
[Source "ChessBase"]
[SourceDate "2019.10.17"]
[SourceVersion "1"]
[SourceVersionDate "2019.10.17"]
[SourceQuality "1"]
[WhiteTeam "West is Best II"]
[BlackTeam "North East England"]
[WhiteTeamCountry "WLS"]
[BlackTeamCountry "ENG"]

1. c4 b6 2. Nc3 Bb7 3. e4 e6 4. Nf3 Bb4 5. Bd3 Ne7 6. 0-0 0-0 7. e5 Ng6 8. Be4 Bxe4 9. Nxe4 d5 10. exd6 Bxd6 11. d4 Nc6 12. g3 e5 13. d5 Nce7 14. Bd2 h6 15. Bc3 f5 16. Ned2 c5 17. dxc6 Nxc6 18. Nb3 Kh7 19. Qc2 Qe7 20. Rad1 Rad8 21. Rd5 Nb4 22. Bxb4 Bxb4 23. Rxd8 Qxd8 24. Rd1 Qa8 25. Rd5 Ne7 26. Nh4 Nxd5 27. Nxf5 g6 0-1

[Event "BCF-chT1a 1617 (4NCL)"]
[Site "England"]
[Date "2017.02.12"]
[Round "6.36"]
[White "Longson, Alexander"]
[Black "Morris, Charles F"]
[Result "1-0"]
[WhiteElo "2317"]
[BlackElo "2132"]
[PlyCount "41"]
[EventDate "2016.11.19"]
[EventType "team-tourn"]
[EventRounds "7"]
[EventCountry "ENG"]
[SourceTitle "EXT 2018"]
[Source "ChessBase"]
[SourceDate "2017.10.13"]
[SourceVersion "1"]
[SourceVersionDate "2017.10.13"]
[SourceQuality "1"]
[WhiteTeam "3CS Oldham"]
[BlackTeam "South Wales Dragons"]
[WhiteTeamCountry "ENG"]
[BlackTeamCountry "ENG"]

1. e4 e6 2. d4 d5 3. Nd2 c5 4. c3 Nc6 5. Ngf3 cxd4 6. cxd4 Bb4 7. e5 Qb6 8. a3 Be7 9. Bd3 Bd7 10. 0-0 Nh6 11. Nb3 Nf5 12. Bxf5 exf5 13. Bg5 Bxg5 14. Nxg5 h6 15. e6 fxe6 16. Qh5+ Ke7 17. Qf7+ Kd6 18. Nc5 Be8 19. Nxb7+ Qxb7 20. Qxb7 Bh5 21. Nxe6 1-0

[Event "BCF-chT1a 1617 (4NCL)"]
[Site "England"]
[Date "2016.11.20"]
[Round "2.36"]
[White "Morris, Charles F"]
[Black "Guzik, Jolanta"]
[Result "0-1"]
[WhiteElo "2132"]
[BlackElo "2008"]
[PlyCount "82"]
[EventDate "2016.11.19"]
[EventType "team-tourn"]
[EventRounds "7"]
[EventCountry "ENG"]
[SourceTitle "CBM 175 Extra"]
[Source "ChessBase"]
[SourceDate "2016.12.12"]
[SourceVersion "1"]
[SourceVersionDate "2016.12.12"]
[SourceQuality "1"]
[WhiteTeam "South Wales Dragons"]
[BlackTeam "Celtic Tigers"]
[WhiteTeamCountry "ENG"]
[BlackTeamCountry "ENG"]

1. Nf3 d5 2. g3 e6 3. Bg2 f5 4. 0-0 Nf6 5. d3 Nbd7 6. c4 c6 7. Nc3 Be7 8. Nd4 Ne5 9. cxd5 exd5 10. e4 fxe4 11. dxe4 dxe4 12. Nxe4 Bg4 13. Nxf6+ Bxf6 14. f3 Qxd4+ 15. Qxd4 Nxf3+ 16. Bxf3 Bxd4+ 17. Kg2 Bxf3+ 18. Rxf3 0-0-0 19. Rb1 Rhf8 20. b3 Rxf3 21. Kxf3 Bf6 22. Be3 b6 23. Rc1 Kb7 24. Rc2 Rd5 25. g4 c5 26. h3 Kc6 27. Ke4 Rd1 28. b4 Bd4 29. bxc5 bxc5 30. Bxd4 Rxd4+ 31. Ke3 Rd7 32. Ke4 Kb5 33. Ke5 c4 34. Ke6 Rd3 35. Rb2+ Kc6 36. h4 c3 37. Rb8 Kc5 38. Rc8+ Kb4 39. Rc7 Rd4 40. Rb7+ Kc4 41. Rxg7 Kd3 0-1

[Event "EU-Cup 32nd"]
[Site "Novi Sad"]
[Date "2016.11.12"]
[Round "7.2"]
[White "Morris, Charles F"]
[Black "Gnichtel, Gerd"]
[Result "0-1"]
[WhiteElo "2132"]
[BlackElo "2135"]
[PlyCount "36"]
[EventDate "2016.11.06"]
[EventType "team-swiss"]
[EventRounds "7"]
[EventCountry "SRB"]
[SourceTitle "CBM 176"]
[Source "ChessBase"]
[SourceDate "2017.01.17"]
[SourceVersion "1"]
[SourceVersionDate "2017.01.17"]
[SourceQuality "1"]
[WhiteTeam "Abergavenny"]
[BlackTeam "Echternach Sprenger"]
[WhiteTeamCountry "WLS"]
[BlackTeamCountry "LUX"]

1. c4 e5 2. g3 Nf6 3. Bg2 d5 4. cxd5 Nxd5 5. Nc3 Nb6 6. Nf3 Nc6 7. 0-0 Be7 8. a3 a5 9. d3 0-0 10. Be3 Re8 11. Rc1 Bf8 12. Na4 Nd4 13. Re1 Bg4 14. Nxd4 exd4 15. Nxb6 dxe3 16. Nxa8 exf2+ 17. Kxf2 Qd4+ 18. Kf1 Re6 0-1

[Event "EU-Cup 32nd"]
[Site "Novi Sad"]
[Date "2016.11.09"]
[Round "4.2"]
[White "Morris, Charles F"]
[Black "Carstensen, Jacob"]
[Result "0-1"]
[WhiteElo "2132"]
[BlackElo "2383"]
[PlyCount "70"]
[EventDate "2016.11.06"]
[EventType "team-swiss"]
[EventRounds "7"]
[EventCountry "SRB"]
[SourceTitle "CBM 176"]
[Source "ChessBase"]
[SourceDate "2017.01.17"]
[SourceVersion "1"]
[SourceVersionDate "2017.01.17"]
[SourceQuality "1"]
[WhiteTeam "Abergavenny"]
[BlackTeam "Bronshoj"]
[WhiteTeamCountry "WLS"]
[BlackTeamCountry "DEN"]

1. c4 Nf6 2. g3 e6 3. Bg2 d5 4. Nf3 dxc4 5. Na3 Bxa3 6. bxa3 0-0 7. Bb2 Nc6 8. Rc1 Re8 9. Rxc4 e5 10. Qc2 Be6 11. Rh4 Bxa2 12. 0-0 h6 13. d3 Qd6 14. Bc3 Be6 15. Qb2 Nd5 16. Bxe5 Nxe5 17. Nxe5 c5 18. Nc4 Qc7 19. f4 f6 20. Rc1 Rab8 21. Rh5 Nb6 22. Nxb6 axb6 23. Bd5 Qf7 24. Bxe6 Rxe6 25. g4 Rd8 26. f5 Rd4 27. fxe6 Rxg4+ 28. Kh1 Qxh5 29. Qa2 Qe5 30. e4 Qf4 31. e7+ Kh7 32. Rg1 Qf3+ 33. Qg2 Rxg2 34. Rxg2 Qd1+ 35. Rg1 Qh5 0-1

[Event "EU-Cup 32nd"]
[Site "Novi Sad"]
[Date "2016.11.07"]
[Round "2.2"]
[White "Morris, Charles F"]
[Black "Shagbazyan, Taron"]
[Result "1-0"]
[WhiteElo "2132"]
[BlackElo "2423"]
[PlyCount "137"]
[EventDate "2016.11.06"]
[EventType "team-swiss"]
[EventRounds "7"]
[EventCountry "SRB"]
[SourceTitle "CBM 176"]
[Source "ChessBase"]
[SourceDate "2017.01.17"]
[SourceVersion "1"]
[SourceVersionDate "2017.01.17"]
[SourceQuality "1"]
[WhiteTeam "Abergavenny"]
[BlackTeam "LugPokerChess"]
[WhiteTeamCountry "WLS"]
[BlackTeamCountry "RUS"]

1. c4 e5 2. g3 Nc6 3. Nc3 Nf6 4. Bg2 Bc5 5. Nf3 0-0 6. 0-0 a6 7. a3 d6 8. b4 Ba7 9. d3 h6 10. Bb2 Be6 11. Rc1 Qd7 12. e3 Bh3 13. d4 Bxg2 14. Kxg2 e4 15. Nd2 Rae8 16. Qc2 Qf5 17. f3 exf3+ 18. Rxf3 Qg5 19. h4 Qg6 20. Nd5 Ng4 21. Qxg6 fxg6 22. Rxf8+ Rxf8 23. Rf1 Re8 24. Rf3 h5 25. Nb3 Ne7 26. Nxe7+ Rxe7 27. Bc1 c6 28. Na5 Bb6 29. Nb3 Bc7 30. a4 d5 31. cxd5 cxd5 32. Nc5 Bd6 33. a5 Nf6 34. Rf2 Kf7 35. Rb2 Rc7 36. Bd2 Bxc5 37. bxc5 Ke6 38. Rb6+ Kd7 39. e4 dxe4 40. Bf4 Rc6 41. Rxb7+ Ke6 42. Rxg7 Kf5 43. Bg5 Nd5 44. Rd7 Nb4 45. Bd2 Nc2 46. Bc3 Ke6 47. Rd8 Ke7 48. Rb8 Rf6 49. Rb7+ Kd8 50. Rb6 Ne3+ 51. Kg1 Rf1+ 52. Kh2 Rf2+ 53. Kh1 Rc2 54. Bb4 Rc1+ 55. Kh2 Ng4+ 56. Kg2 Rc2+ 57. Kf1 e3 58. Re6 Kd7 59. d5 Rc4 60. c6+ Kc7 61. Bd6+ Kd8 62. Rxg6 Ke8 63. Re6+ Kd8 64. Rg6 Ke8 65. Re6+ Kf7 66. Re7+ Kf6 67. c7 Rc2 68. Re8 Nh2+ 69. Ke1 1-0

[Event "Olympiad-42"]
[Site "Baku"]
[Date "2016.09.06"]
[Round "5.3"]
[White "Morris, Charles F"]
[Black "Chipanga, Chiletso"]
[Result "1/2-1/2"]
[WhiteElo "2127"]
[BlackElo "2082"]
[PlyCount "83"]
[EventDate "2016.09.02"]
[EventType "team-swiss"]
[EventRounds "11"]
[EventCountry "AZE"]
[SourceTitle "CBM 175"]
[Source "ChessBase"]
[SourceDate "2016.11.10"]
[SourceVersion "1"]
[SourceVersionDate "2016.11.10"]
[SourceQuality "1"]
[WhiteTeam "Wales"]
[BlackTeam "Malawi"]
[WhiteTeamCountry "WLS"]
[BlackTeamCountry "MWI"]

1. c4 e5 2. g3 f5 3. d4 exd4 4. Qxd4 Nc6 5. Qe3+ Be7 6. Nc3 Nf6 7. Bg2 0-0 8. Nh3 Nb4 9. Qd2 a5 10. Nf4 Ra6 11. a3 Rd6 12. Nd3 Nxd3+ 13. exd3 c6 14. 0-0 Ng4 15. d4 Bf6 16. d5 b6 17. Qc2 Bg5 18. h3 Nh6 19. f4 Be7 20. Be3 Rg6 21. Qf2 c5 22. Bf3 Bh4 23. Ne2 Be7 24. Bh5 Rgf6 25. Bd2 Nf7 26. Bxf7+ R8xf7 27. a4 Rh6 28. Kh2 d6 29. Rae1 Bd7 30. b3 Bf6 31. Bc3 Bxc3 32. Nxc3 g5 33. Qe3 Qf8 34. Ne2 Re7 35. Qc3 g4 36. Ng1 Re4 37. h4 Qe7 38. Rxe4 fxe4 39. Re1 Bf5 40. Re3 Kf7 41. Kg2 Rg6 42. Ne2 1/2-1/2

[Event "WLS-chT 1516"]
[Site "Wales"]
[Date "2016.05.08"]
[Round "7.14"]
[White "Morris, Charles F"]
[Black "Jones, Iolo Cerredig"]
[Result "1/2-1/2"]
[WhiteElo "2136"]
[BlackElo "2171"]
[PlyCount "66"]
[EventDate "2015.11.01"]
[EventType "team-tourn"]
[EventRounds "7"]
[EventCountry "WLS"]
[SourceTitle "EXT 2018"]
[Source "ChessBase"]
[SourceDate "2017.10.13"]
[SourceVersion "1"]
[SourceVersionDate "2017.10.13"]
[SourceQuality "1"]

1. c4 Nf6 2. g3 e5 3. Bg2 Nc6 4. Nc3 Bb4 5. Nd5 Bc5 6. Nf3 0-0 7. 0-0 Re8 8. d3 Nxd5 9. cxd5 Nd4 10. Ng5 Be7 11. Ne4 d6 12. e3 Nf5 13. Bd2 Bd7 14. Ba5 Qb8 15. Rc1 c5 16. dxc6 bxc6 17. b4 Bd8 18. Qg4 d5 19. Nc5 Bc8 20. Bxd8 Rxd8 21. Qh5 g6 22. Qg5 Qd6 23. e4 f6 24. Qd2 Nd4 25. a3 Rb8 26. f4 dxe4 27. Nxe4 Qe7 28. fxe5 fxe5 29. Rce1 Bf5 30. h3 Rf8 31. Nc5 Rbe8 32. Rf2 Bc8 33. Ref1 Rxf2 1/2-1/2

[Event "WLS-chT 1516"]
[Site "Wales"]
[Date "2016.03.13"]
[Round "5.1"]
[White "Strugnell, Carl"]
[Black "Morris, Charles F"]
[Result "1-0"]
[WhiteElo "2226"]
[BlackElo "2136"]
[PlyCount "41"]
[EventDate "2015.11.01"]
[EventType "team-tourn"]
[EventRounds "7"]
[EventCountry "WLS"]
[SourceTitle "EXT 2018"]
[Source "ChessBase"]
[SourceDate "2017.10.13"]
[SourceVersion "1"]
[SourceVersionDate "2017.10.13"]
[SourceQuality "1"]

1. e4 e6 2. d4 d5 3. Nc3 Nf6 4. e5 Nfd7 5. f4 c5 6. Nf3 Nc6 7. Be3 cxd4 8. Nxd4 Bc5 9. Qd2 a6 10. 0-0-0 0-0 11. Nb3 Bb4 12. Bd3 f6 13. exf6 Qxf6 14. Rhf1 b6 15. Nd4 Bb7 16. g4 Nc5 17. g5 Qe7 18. Qe2 Bxc3 19. Bxh7+ Kh8 20. Bg6 Bxb2+ 21. Kb1 1-0

[Event "Dyfed op 45th"]
[Site "Fishguard"]
[Date "2016.02.28"]
[Round "5"]
[White "Miles, Richard"]
[Black "Morris, Charles F"]
[Result "1/2-1/2"]
[WhiteElo "1949"]
[BlackElo "2144"]
[PlyCount "21"]
[EventDate "2016.02.26"]
[EventType "swiss"]
[EventRounds "5"]
[EventCountry "WLS"]
[SourceTitle "EXT 2018"]
[Source "ChessBase"]
[SourceDate "2017.10.13"]
[SourceVersion "1"]
[SourceVersionDate "2017.10.13"]
[SourceQuality "1"]

1. d4 d5 2. c4 e6 3. Nc3 c5 4. cxd5 exd5 5. Nf3 Nc6 6. g3 Nf6 7. Bg2 Be7 8. 0-0 0-0 9. Bg5 cxd4 10. Nxd4 h6 11. Be3 1/2-1/2

[Event "Dyfed op 45th"]
[Site "Fishguard"]
[Date "2016.02.26"]
[Round "1"]
[White "Bridges, Paul"]
[Black "Morris, Charles F"]
[Result "1/2-1/2"]
[WhiteElo "1821"]
[BlackElo "2144"]
[PlyCount "79"]
[EventDate "2016.02.26"]
[EventType "swiss"]
[EventRounds "5"]
[EventCountry "WLS"]
[SourceTitle "EXT 2018"]
[Source "ChessBase"]
[SourceDate "2017.10.13"]
[SourceVersion "1"]
[SourceVersionDate "2017.10.13"]
[SourceQuality "1"]

1. e4 e6 2. d4 d5 3. e5 c5 4. c3 Qb6 5. Nf3 Nc6 6. a3 Nh6 7. Bd3 cxd4 8. cxd4 Bd7 9. Bc2 Nf5 10. Bxf5 exf5 11. 0-0 h6 12. Nc3 Be6 13. b4 g5 14. Na4 Qc7 15. Bb2 a6 16. Rc1 Be7 17. Ne1 Kf8 18. Nd3 Kg7 19. Ndc5 b6 20. Nxe6+ fxe6 21. Qc2 Rhc8 22. Rfd1 Qb7 23. Qd3 Na7 24. Rxc8 Rxc8 25. Rc1 Rxc1+ 26. Bxc1 Qc6 27. Nc3 Nb5 28. Bb2 Nxc3 29. Qxc3 Qc4 30. Qxc4 dxc4 31. Kf1 Kf7 32. Ke1 b5 33. f3 Bd8 34. Bc3 Ke7 35. Ke2 Kd7 36. g4 f4 37. Be1 Kc6 38. Kd2 a5 39. Kc3 axb4+ 40. axb4 1/2-1/2

[Event "EU-Cup 31st"]
[Site "Skopje"]
[Date "2015.10.23"]
[Round "6.1"]
[White "Glavinac, Goran"]
[Black "Morris, Charles F"]
[Result "1-0"]
[WhiteElo "2144"]
[BlackElo "2147"]
[PlyCount "41"]
[EventDate "2015.10.18"]
[EventType "team-swiss"]
[EventRounds "7"]
[EventCountry "MKD"]
[SourceTitle "CBM 169"]
[Source "ChessBase"]
[SourceDate "2015.11.10"]
[SourceVersion "1"]
[SourceVersionDate "2015.11.10"]
[SourceQuality "1"]
[WhiteTeam "Karpos"]
[BlackTeam "Abergavenny"]
[WhiteTeamCountry "MKD"]
[BlackTeamCountry "WLS"]

1. d4 e6 2. c4 Bb4+ 3. Bd2 a5 4. Nf3 d6 5. g3 Nc6 6. Bg2 f5 7. 0-0 Bxd2 8. Qxd2 Nf6 9. Nc3 0-0 10. d5 Ne5 11. Nxe5 dxe5 12. Rfd1 Ra6 13. Qe3 Ng4 14. Qc5 Qd6 15. Qxd6 cxd6 16. Nb5 e4 17. Nc7 Rb6 18. dxe6 Nf6 19. e7 Re8 20. Nxe8 Nxe8 21. c5 1-0

[Event "South Wales op 12th"]
[Site "Cardiff"]
[Date "2015.07.15"]
[Round "8"]
[White "Morris, Charles F"]
[Black "Nikolov, Momchil"]
[Result "0-1"]
[WhiteElo "2144"]
[BlackElo "2530"]
[PlyCount "86"]
[EventDate "2015.07.11"]
[EventType "swiss"]
[EventRounds "10"]
[EventCountry "WLS"]
[SourceTitle "EXT 2016"]
[Source "ChessBase"]
[SourceDate "2015.10.08"]
[SourceVersion "1"]
[SourceVersionDate "2015.10.08"]
[SourceQuality "1"]

1. c4 Nf6 2. g3 c5 3. Bg2 d5 4. cxd5 Nxd5 5. Nc3 Nc7 6. Nf3 Nc6 7. 0-0 e5 8. a3 Rb8 9. Rb1 f6 10. d3 Be7 11. Be3 0-0 12. b4 Ne6 13. bxc5 Bxc5 14. Bxc5 Nxc5 15. Nd2 Nd4 16. Bd5+ Be6 17. Bxe6+ Ndxe6 18. Nb3 Qd7 19. Nxc5 Nxc5 20. Nb5 a6 21. d4 Ne4 22. Qd3 Ng5 23. Qc4+ Rf7 24. Nc3 Rc8 25. Qb3 exd4 26. Nd5 Re8 27. h4 Ne6 28. Rfd1 Rd8 29. e4 Kh8 30. Qb6 f5 31. f3 Rdf8 32. Rd3 fxe4 33. fxe4 Qc8 34. Rdb3 Nc5 35. Rc1 Qh3 36. Nf4 Rxf4 37. gxf4 Nxb3 38. Qb4 Qg3+ 39. Kh1 Qxh4+ 40. Kg2 Qg4+ 41. Kh1 Qf3+ 42. Kg1 Qe3+ 43. Kh1 Qxe4+ 0-1

[Event "South Wales op 12th"]
[Site "Cardiff"]
[Date "2015.07.15"]
[Round "7"]
[White "Teh, Eu Wen Aron"]
[Black "Morris, Charles F"]
[Result "0-1"]
[WhiteElo "2321"]
[BlackElo "2144"]
[PlyCount "40"]
[EventDate "2015.07.11"]
[EventType "swiss"]
[EventRounds "10"]
[EventCountry "WLS"]
[SourceTitle "EXT 2016"]
[Source "ChessBase"]
[SourceDate "2015.10.08"]
[SourceVersion "1"]
[SourceVersionDate "2015.10.08"]
[SourceQuality "1"]

1. d4 e6 2. c4 Bb4+ 3. Bd2 a5 4. Nf3 d6 5. g3 Nc6 6. Nc3 f5 7. Bg2 Nf6 8. d5 Ne5 9. Nxe5 dxe5 10. a3 Bxc3 11. Bxc3 e4 12. Qa4+ Kf7 13. 0-0-0 Qe8 14. Qb3 Ra6 15. f3 exd5 16. cxd5 b5 17. fxe4 Nxe4 18. Bd4 c5 19. dxc6+ Be6 20. Qxb5 Rxc6+ 0-1

[Event "South Wales op 12th"]
[Site "Cardiff"]
[Date "2015.07.13"]
[Round "4"]
[White "Morris, Charles F"]
[Black "Staniforth, Matthew"]
[Result "0-1"]
[WhiteElo "2144"]
[BlackElo "1877"]
[PlyCount "80"]
[EventDate "2015.07.11"]
[EventType "swiss"]
[EventRounds "10"]
[EventCountry "WLS"]
[SourceTitle "EXT 2016"]
[Source "ChessBase"]
[SourceDate "2015.10.08"]
[SourceVersion "1"]
[SourceVersionDate "2015.10.08"]
[SourceQuality "1"]

1. c4 Nf6 2. g3 e6 3. Bg2 a6 4. b3 d5 5. Bb2 d4 6. Nf3 c5 7. e3 Nc6 8. exd4 cxd4 9. 0-0 Be7 10. Re1 d3 11. Nc3 0-0 12. Ne5 Bc5 13. Bxc6 bxc6 14. Qf3 Bb6 15. Na4 Bc7 16. Re3 Bxe5 17. Bxe5 Nd7 18. Bc3 Qc7 19. Rae1 c5 20. Qg4 e5 21. Qh5 f6 22. Rxd3 Bb7 23. Qf5 Rad8 24. Qe6+ Kh8 25. Qd6 Qc8 26. Ba5 Nb6 27. Qxf8+ Rxf8 28. Bxb6 Qf5 29. Ree3 Qh3 30. f3 Bxf3 31. Rxf3 e4 32. Bxc5 exf3 33. Rxf3 Qh5 34. Kg2 Re8 35. Be3 Qa5 36. Kf2 h5 37. h4 Qe5 38. Nc3 Kh7 39. Rf4 g5 40. Re4 Qf5+ 0-1